Statistics for Warsaw Modlin Airport Destinations (Warsaw, Poland)

Click here to take the quiz!

General Stats

  • This quiz has been taken 9 times
  • The average score is 32 of 56

Answer Stats

AirlineDestination% Correct
RyanairDublin
100%
RyanairLisbon
100%
RyanairLondon (Stansted)
100%
RyanairAthens
88%
RyanairBarcelona
88%
RyanairMadrid
88%
RyanairRome (Ciampino)
88%
RyanairVienna
88%
RyanairBari
75%
RyanairBologna
75%
RyanairBudapest
75%
RyanairEdinburgh
75%
RyanairGlasgow
75%
RyanairLiverpool
75%
RyanairManchester
75%
RyanairNaples
75%
RyanairRhodes
75%
RyanairTirana
75%
RyanairAlicante
63%
RyanairBirmingham
63%
RyanairBristol
63%
RyanairBurgas
63%
RyanairCologne/Bonn
63%
RyanairCorfu
63%
RyanairHelsinki
63%
RyanairMalta
63%
RyanairPalma de Mallorca
63%
RyanairPaphos
63%
RyanairRiga
63%
RyanairStockholm (Arlanda)
63%
RyanairTenerife (South)
63%
RyanairThessaloniki
63%
RyanairBeauvais
50%
RyanairBergamo
50%
RyanairCagliari
50%
RyanairCatania
50%
RyanairEindhoven
50%
RyanairLeeds/Bradford
50%
RyanairMalaga
50%
RyanairPisa
50%
RyanairZadar
50%
RyanairChania
38%
RyanairCharleroi
38%
RyanairFaro
38%
RyanairTreviso
38%
RyanairZakynthos
38%
RyanairGothenburg
25%
RyanairKaunas
25%
RyanairPescara
25%
RyanairSandefjord
25%
RyanairShannon
25%
RyanairAmman (Queen Alia)
13%
RyanairSzczecin
13%
RyanairTrapani
13%
RyanairProto
0%
RyanairRimini
0%

Score Distribution

Percentile by Number Answered

Percent of People with Each Score

Your Score History

You have not taken this quiz